Pays avec le passeport le plus faible - Statistiques

Statistiques générales
  • Ce quiz a été pris 169 fois
  • Le résultat moyen est 11 sur 20
Statistiques - réponses
# Pays % Correct
42 Irak
83%
40 Afghanistan
82%
39 Syrie
82%
55 Iran
78%
52 Corée du Nord
71%
46 Pakistan
68%
46 Somalie
66%
54 R.D. Congo
63%
53 Soudan
63%
52 Libye
60%
47 Yémen
60%
54 Soudan du Sud
54%
57 Liban
53%
49 Bangladesh
49%
53 Érythrée
46%
56 Éthiopie
44%
54 Nigeria
38%
56 Birmanie
28%
54 Népal
25%
55 Sri Lanka
21%
Aucun quiz correspondant
Distribution des résultats
% des personnes avec chaque résultat
Percentile par nombre de réponses
Votre historique - résultats
Vous n’avez pas pris ce quiz